00281nam a22000977a 4500008004100000082002000041245005800061260004500119300000900164440001000173230621b xxu||||| |||| 00| 0 eng d a328.3bIPU 1994 aChronicle of Parliamentary Elections and Developments aGeneva bInter-Parliamentary Unionc1994 a235p vXXVII